<?xml version="1.0" encoding="UTF-8"?><?xml-stylesheet type="text/xsl" href="static/style.xsl"?><OAI-PMH xmlns="http://www.openarchives.org/OAI/2.0/" xmlns:xsi="http://www.w3.org/2001/XMLSchema-instance" xsi:schemaLocation="http://www.openarchives.org/OAI/2.0/ http://www.openarchives.org/OAI/2.0/OAI-PMH.xsd"><responseDate>2026-04-19T09:43:16Z</responseDate><request verb="GetRecord" identifier="oai:www.recercat.cat:20.500.12694/7436" metadataPrefix="marc">https://recercat.cat/oai/request</request><GetRecord><record><header><identifier>oai:recercat.cat:20.500.12694/7436</identifier><datestamp>2025-12-31T09:19:52Z</datestamp><setSpec>com_2072_179042</setSpec><setSpec>col_2072_484474</setSpec></header><metadata><record xmlns="http://www.loc.gov/MARC21/slim" xmlns:dcterms="http://purl.org/dc/terms/" xmlns:xsi="http://www.w3.org/2001/XMLSchema-instance" xmlns:doc="http://www.lyncode.com/xoai" xsi:schemaLocation="http://www.loc.gov/MARC21/slim http://www.loc.gov/standards/marcxml/schema/MARC21slim.xsd">
   <leader>00925njm 22002777a 4500</leader>
   <datafield ind2=" " ind1=" " tag="042">
      <subfield code="a">dc</subfield>
   </datafield>
   <datafield ind2=" " ind1=" " tag="720">
      <subfield code="a">Puigpinós i Roig, Marc</subfield>
      <subfield code="e">author</subfield>
   </datafield>
   <datafield ind2=" " ind1=" " tag="260">
      <subfield code="c">2021-06</subfield>
   </datafield>
   <datafield ind2=" " ind1=" " tag="520">
      <subfield code="a">Tible i piano: un camí junts ens vol explicar l’evolució del repertori per a tible i piano, analitzant-ne tot el seu recorregut, des de la creació i els impulsors fins a la interpretació dalt dels escenaris. En el treball es pretén conèixer com es van començar a escriure obres per a aquest conjunt, parlant dels autors més destacats de cada grup de repertori i entrevistant els diferents compositors per saber les seves idees i propostes. Finalment, es parlarà amb intèrprets de tible, tenora i piano per saber altres aspectes com ara el treball de cambra o la sortida professional a la qual es pot tenir accés.</subfield>
   </datafield>
   <datafield ind2=" " ind1=" " tag="520">
      <subfield code="a">Tible y piano: un camino juntos nos quiere explicar la evolución del repertorio para tible y piano, analizando todo su recorrido, desde la creación y los impulsores hasta la interpretación en los escenarios. En el trabajo se pretende conocer cómo se empezaron a escribir obras para este conjunto, hablando de los autores más destacados de cada grupo de repertorio y entrevistando a los diferentes compositores para saber sus ideas y propuestas. Finalmente, se hablará con intérpretes de tible, tenora y piano para conocer otros aspectos, como el trabajo de cámara o la salida profesional a la que se puede tener acceso.</subfield>
   </datafield>
   <datafield ind2=" " ind1=" " tag="520">
      <subfield code="a">Tible and Piano: A Journey Together wants to explain the evolution of the repertoire for tible and piano, analyzing its entire journey, from its creation and its promoters to its performance on stage. The aim of the thesis is to find out how works began to be written for this group, discussing the most outstanding authors in each repertoire group and interviewing various composers to learn about their ideas and proposals. Finally, there will be talks with tible, tenora, and piano performers to explore other aspects, such as chamber music work or the professional opportunities available to them.</subfield>
   </datafield>
   <datafield ind1="8" ind2=" " tag="024">
      <subfield code="a">http://hdl.handle.net/20.500.12694/7436</subfield>
   </datafield>
   <datafield tag="653" ind2=" " ind1=" ">
      <subfield code="a">TFG Música clàssica i contemporània</subfield>
   </datafield>
   <datafield tag="653" ind2=" " ind1=" ">
      <subfield code="a">Tible i piano, Música per a--Anàlisi i apreciació</subfield>
   </datafield>
   <datafield tag="653" ind2=" " ind1=" ">
      <subfield code="a">Música de cambra</subfield>
   </datafield>
   <datafield ind2="0" ind1="0" tag="245">
      <subfield code="a">Tible i piano, un camí junts: anàlisi del repertori de tible solista amb acompanyament de piano</subfield>
   </datafield>
</record></metadata></record></GetRecord></OAI-PMH>